[Event "Dos Hermanas Qualifier (14-B)"]
[Site "masterchessopen.com Internet"]
[Date "2003.03.14"]
[Round "3"]
[White "Adams Nick A (USA)"]
[Black "Demaria Juan Pablo (ARG)"]
[Result "1-0"]
[WhiteElo "2212"]
[BlackElo "2260"]

1.d4 Nf6 2.c4 e6 3.Nc3 Bb4 4.e3 c5 5.a3 Bxc3+ 6.bxc3 O-O 7.Bd3 Nc6 8.Ne2 d6
9.O-O e5 10.d5 Na5 11.e4 Nh5 12.f4 exf4 13.Nxf4 Nxf4 14.Bxf4 b6 15.Qh5 Nb7
16.e5 g6 17.Qh6 f5 18.exf6 Qxf6 19.Bg5 Qg7 20.Qxg7+ Kxg7 21.Bh6+ Kxh6 22.Rxf8
Na5 23.Re1 Bb7 24.Rf7 Ba6 25.Ree7 Rh8 26.h4 Bxc4 27.Bxc4 Nxc4 28.g4 Nxa3
29.Kh2 Nc4 30.Kh3 g5 31.Rf6# 1-0

[Event "Dos Hermanas Qualifier (16-B)"]
[Site "masterchessopen.com Internet"]
[Date "2003.03.16"]
[Round "8"]
[White "Chiong Luis (PHI)"]
[Black "Zarnicki Pablo (ARG)"]
[Result "0-1"]
[WhiteElo "2381"]
[BlackElo "2523"]

1.d4 Nf6 2.c4 e6 3.Nc3 Bb4 4.e3 c5 5.a3 Bxc3+ 6.bxc3 Nc6 7.Bd3 O-O 8.Ne2 b6
9.e4 Ne8 10.O-O Ba6 11.f4 f5 12.exf5 exf5 13.dxc5 bxc5 14.Be3 d6 15.Ng3 Ne7
16.Qa4 Nc7 17.Rfd1 Qe8 18.Qc2 Rb8 19.Re1 Qf7 20.Bf2 Rbe8 21.Qa4 Ng6 22.Rxe8
Qxe8 23.Qa5 Qc6 24.Bxf5 Nxf4 25.Be4 Ne2+ 26.Nxe2 Qxe4 27.Re1 Bb7 28.Nf4 Qxf4
{#R} 0-1

[Event "Ch Sweden (team) 2003/04"]
[Site "masterchessopen.com Malme (Sweden)"]
[Date "2004.02.07"]
[Round "7"]
[White "Eriksson Johan (SWE)"]
[Black "Sanden Stefan (SWE)"]
[Result "1-0"]
[WhiteElo "2423"]
[BlackElo "2315"]

1.d4 Nf6 2.c4 e6 3.Nc3 Bb4 4.e3 O-O 5.a3 Bxc3+ 6.bxc3 c5 7.Bd3 Nc6 8.Ne2 d6
9.e4 Ne8 10.O-O e5 11.Be3 b6 12.f4 f6 13.f5 Ba6 14.Rf3 Kf7 15.g4 Rc8 16.h4 Ke7
17.g5 Na5 18.Rg3 Qd7 19.h5 Bxc4 20.h6 gxh6 21.gxf6+ Rxf6 22.Rb1 Bxd3 23.Qxd3
Qa4 24.dxe5 dxe5 25.Qd5 Nc6 26.Bxc5+ bxc5 27.Rb7+ {#r} 1-0

[Event "It (open) (c)"]
[Site "masterchessopen.com Aragon (Spain)"]
[Round "0"]
[White "Martin Catalan Juan Vicente (ESP)"]
[Black "Trigo Conde Isaac (ESP)"]
[Result "0-1"]
[WhiteElo "2134"]
[BlackElo "2265"]

1.d4 Nf6 2.c4 e6 3.Nc3 Bb4 4.a3 Bxc3+ 5.bxc3 c5 6.e3 Nc6 7.Bd3 O-O 8.Ne2 b6
9.O-O Ba6 10.Ng3 Na5 11.Qe2 d5 12.cxd5 Bxd3 13.Qxd3 Qxd5 14.Rd1 cxd4 15.cxd4
Rfc8 16.e4 Qc4 17.Bg5 Qxd3 18.Rxd3 Nd7 19.Ra2 b5 20.Ne2 Rc4 21.Bd2 Rac8 22.f3
Nb7 23.Kf1 Nb6 24.Nc3 a6 25.Ke2 Nd6 26.Rb2 f5 27.e5 Ne8 28.d5 R8c5 29.dxe6
Rxe5+ 30.Re3 Rxe3+ 31.Kxe3 Rc6 32.Ra2 Nc4+ 33.Ke2 Rxe6+ 34.Kf2 Rd6 35.Be1 Nc7
36.Nb1 Nd5 37.Bb4 Rc6 38.Nd2 Ne5 39.Ke2 a5 40.Bxa5 Ra6 41.Rc2 Rxa5 42.Rc5 Nf4+
43.Ke3 Rxa3+ 44.Kd4 Ne6+ {#R} 0-1

[Event "Tournament \"]
[Site "masterchessopen.com New York (USA)"]
[Date "2004.03.30"]
[Round "3"]
[White "Ehlvest Jaan (USA)"]
[Black "Kacheishvili Giorgi (GEO)"]
[Result "1-0"]
[WhiteElo "2631"]
[BlackElo "2599"]

{ Ehlvest Jaan (EST) +0 =3 -0 } 1.d4 { 1 } 1...Nf6 2.c4 e6 3.Nc3 Bb4 4.e3 O-O
5.Bd3 c5 6.a3 Bxc3+ 7.bxc3 Nc6 8.Ne2 ( 8.e4 cxd4 9.cxd4 Nxd4 10.e5 Ne8 11.Bb2
Nf5 12.Nf3 d6 13.O-O dxe5 14.g4 e4 15.Bxe4 Qxd1 16.Rfxd1 Nfd6 17.Bd3 f6 18.c5
Nf7 19.Nd4 Nc7 20.Be4 Rb8 21.a4 a6 22.Ba3 Re8 23.Bb4 Nd5 24.Ba5 Ne5 25.h3 Nc6
26.Bb6 Nxd4 27.Rxd4 Bd7 { ...1/2-1/2, Ehlvest Jaan 2602 - Yudasin Leonid 2568
, New York 2003 Tournament "New York Masters" } ) 8...b6 9.e4 Ne8 10.O-O Ba6
11.f4 { = } ( 11.Bf4 Na5 12.Qa4 Rc8 13.Rac1 f5 { } ) 11...f6 ( 11...f5 12.Ng3
g6 13.Be3 cxd4 14.cxd4 d5 15.cxd5 Bxd3 16.Qxd3 fxe4 17.Qxe4 Qxd5 18.Qxd5 exd5
19.Rac1 Rc8 20.f5 Nd6 21.fxg6 hxg6 22.Rxf8+ Kxf8 23.h4 Nc4 24.Bg5 Nxd4 25.h5
gxh5 26.Rf1+ Ke8 27.Nxh5 Nxa3 28.Ng7+ Kd7 29.Rf7+ Kc6 30.Rxa7 Nac2 31.Bf6 {
...0-1, Jussupow Artur 2630 - Karpov Anatoly 2760 , Linares 1993 It } ) 12.f5
( 12.e5 Rc8 13.d5 Na5 14.Ng3 Bxc4 15.Bxc4 Nxc4 16.dxe6 dxe6 17.Qb3 Qd5 18.Rd1
Na5 19.Qxd5 exd5 20.e6 f5 21.Rxd5 g6 22.e7 Rf6 23.Rd8 Rfc6 24.Ra2 Kf7 25.Re2
R8c7 26.Nf1 Nc4 27.Kf2 Rxe7 28.Rxe7+ Kxe7 29.Ra8 Rc7 30.a4 Rd7 31.Ne3 Ned6 {
...0-1, Aleksandrov Aleksej 2645 - Supatashvili Khvicha 2515 , Batumi 2001 It
(open) } ) ( 12.Qa4 Na5 13.dxc5 bxc5 14.Rd1 Qc7 15.f5 e5 16.Ng3 Nd6 17.Be2
Ndxc4 18.Bxc4+ Bxc4 19.Rxd7 Qb6 20.Qd1 Rad8 { 1/2-1/2, Balashov Yuri S 2580 -
Aseev Konstantin N 2525 , St. Petersburg 1998 Ch Russia } ) ( 12.Be3 Nd6
13.dxc5 Nxc4 14.Bxc4 Bxc4 15.Rf2 f5 16.Ng3 Rf7 17.cxb6 axb6 18.Qb1 Qf8 19.a4
Ra6 20.exf5 exf5 21.Rb2 Qd6 22.Rxb6 Ra5 23.Qc2 Re7 24.Rd1 Qg6 25.Qf2 h5 26.Bc5
Re6 27.Rb2 Rxa4 28.Nf1 Qg4 29.Rbd2 Bxf1 30.Rxf1 Ree4 31.h3 Qg6 { ...0-1,
Remlinger Larry 2380 - Larsen Bent 2565 , Reykjavik 1986 It (open) } )
12...cxd4 ( 12...Qe7 13.Nf4 ( 13.fxe6 dxe6 { } ) 13...Qf7 14.Be3 e5 15.dxe5
Nxe5 16.Be2 Bxc4 17.Bh5 Qe7 18.Re1 Nc7 19.Bf2 Rfd8 20.Qc2 Bf7 21.Bg3 d6 22.Kh1
Bxh5 23.Nxh5 Qf7 24.Qe2 Rd7 25.Rad1 Re8 26.Bh4 d5 27.exd5 Rxd5 28.Bg3 Nd3
29.Nxf6+ Qxf6 30.Qa2 Rxe1+ { 0-1, Dickenson Neil F 2245 - Karolyi Tibor Jr
2435 , London 1987 It "Lloyds Bank" } ) ( 12...Nd6 13.Rf3 cxd4 14.cxd4 Bxc4
15.a4 Bxd3 16.Qxd3 Re8 17.Ba3 Nf7 18.fxe6 dxe6 19.Raf1 Qd7 20.Rg3 Rad8 21.Bb2
Kh8 22.Nf4 Nxd4 23.Rxg7 Kxg7 24.Nh5+ Kh8 25.Nxf6 Qxa4 26.Nxe8 e5 27.Nc7 Rd7
28.Nd5 Qb5 29.Qxb5 Nxb5 30.Rf5 Kg7 31.h4 Nbd6 32.Bxe5+ { ...1/2-1/2, Halkias
Stelios 2534 - Izoria Zviad 2553 , Athens 2003 Match "Greece-Georgia" } )
13.cxd4 { } 13...e5 { N } ( 13...Rc8 14.Bd2 exf5 15.Qa4 fxe4 16.Bxe4 Bb7
17.Bb4 Nxb4 18.Bxb7 Rc7 19.Qxa7 Nc2 20.Rac1 Ne3 21.Rf3 Qe7 22.Qxb6 Nxg2
23.Bd5+ Kh8 24.Kxg2 Qxe2+ 25.Rf2 Qe3 26.Qb4 d6 27.Qc3 Qg5+ 28.Kh1 f5 29.Rg1
Qh4 30.Rgf1 g6 31.Qe3 Nf6 32.Qe6 Qxd4 33.Qxd6 { ...1/2-1/2, Tisdall Jonathan D
2420 - Arnason Jon L 2495 , Husavik 1985 } ) 14.Rf3 { ?! } ( 14.Be3 { !? }
14...Nd6 15.c5 Nc4 16.Bf2 { } ) 14...Nd6 { ?! } ( 14...exd4 { !? } 15.Nf4 Nd6
16.Rg3 Rf7 { } ) 15.d5 Na5 16.Rh3 Bxc4 17.Bxc4 Naxc4 18.Ng3 { ? } ( { ? }
18.Nc3 Qe8 19.Qg4 Rf7 20.Qh5 { } ) 18...Qe7 { ?! } ( 18...Qc7 { !? } 19.Kh1
Qc5 20.Qe2 Qd4 { } ) 19.Qh5 h6 20.Qg4 Nf7 { ! } ( 20...b5 21.Bxh6 Rf7 22.Qg6
Qd8 { } ) 21.Bxh6 Nxh6 22.Rxh6 Rac8 23.Qg6 Qc5+ 24.Kh1 Nd6 25.h4 Rf7 26.Rh7
Qe3 27.Kh2 Rc3 { ? } ( { ? } 27...Rc2 28.Nh5 Rxg2+ 29.Kxg2 Qxe4+ { } ) 28.Nh5
Ne8 29.Rh8+ Kxh8 30.Qxf7 Rc8 31.Rf1 Qxe4 32.Rf3 Qg4 33.Rg3 Qxf5 34.Qf8+ { }
{#r} 1-0

[Event "Ch Norway (team) 2003/04 (final)"]
[Site "masterchessopen.com Trondheim (Norway)"]
[Date "2004.05.22"]
[Round "4"]
[White "Agdestein Simen (NOR)"]
[Black "Heim Sverre (NOR)"]
[Result "1-0"]
[WhiteElo "2589"]
[BlackElo "2341"]

1.d4 Nf6 2.c4 e6 3.Nc3 Bb4 4.a3 Bxc3+ 5.bxc3 c5 6.e3 O-O 7.Bd3 Nc6 8.Ne2 b6
9.e4 d6 10.O-O Ba6 11.f4 Na5 12.f5 exf5 13.Rxf5 Ne8 14.Rh5 Qd7 15.Nf4 cxd4
16.cxd4 Bxc4 17.Bxc4 Nxc4 18.Nd5 Rc8 19.Qe1 f6 20.Rh3 b5 21.Qh4 g6 22.Bh6 Rf7
23.Rf1 g5 24.Nxf6+ Nxf6 25.Qxg5+ Kh8 26.Rxf6 Rg8 27.Rxf7 Qxf7 28.Qxb5 Qe6
29.Qf5 Qxf5 30.exf5 Rb8 31.Rg3 Rb1+ 32.Kf2 Rb5 33.f6 Rf5+ 34.Ke2 d5 35.Rb3 Kg8
36.Bg7 Nd6 37.Rb8+ Kf7 38.Ra8 Kg6 39.a4 Ne4 40.Ke3 Rf2 41.Bh8 a6 42.a5 Ra2
43.Rxa6 Rxg2 44.Ra7 Rxh2 45.Rg7+ Kh6 46.f7 Rf2 47.a6 {#r} 1-0

[Event "Ch Paris (open)"]
[Site "masterchessopen.com Paris (France)"]
[Date "2004.07.03"]
[Round "1"]
[White "Derieux Christian (FRA)"]
[Black "Hinks-Edwards Thom (ENG)"]
[Result "0-1"]
[WhiteElo "2159"]
[BlackElo "2383"]

1.d4 Nf6 2.c4 e6 3.Nc3 Bb4 4.a3 Bxc3+ 5.bxc3 c5 6.e3 Nc6 7.Bd3 O-O 8.Ne2 b6
9.O-O Ba6 10.e4 Ne8 11.f4 f5 12.exf5 exf5 13.dxc5 bxc5 14.Ng3 g6 15.Re1 Nf6
16.Nf1 Na5 17.Be3 Qc7 18.Bf2 Rae8 19.Bh4 Rxe1 20.Bxe1 Bxc4 21.Bxc4+ Nxc4
22.Bh4 Nb6 23.Qf3 Ne4 24.Ne3 Nxc3 25.Re1 Ne4 26.g4 d5 27.gxf5 gxf5 28.Re2 Qf7
29.Kh1 Kh8 30.Be1 h6 31.Nd1 d4 32.Nb2 c4 33.a4 Qd5 34.Rg2 Rg8 35.Qh5 Nf2+ {#R}
0-1

[Event "Ch Russia (w)"]
[Site "masterchessopen.com Kazan (Russia)"]
[Date "2004.07.04"]
[Round "5"]
[White "Zaiatz Elena (RUS)"]
[Black "Kovalevskaya Ekaterina (RUS)"]
[Result "1-0"]
[WhiteElo "2400"]
[BlackElo "2471"]

1.d4 Nf6 2.c4 e6 3.Nc3 Bb4 4.e3 O-O 5.Bd3 c5 6.a3 Bxc3+ 7.bxc3 Nc6 8.e4 cxd4
9.cxd4 Nxd4 10.e5 Qa5+ 11.Kf1 Ne8 12.Bb2 Nc6 13.Nf3 f6 14.Qc2 f5 15.Re1 d6
16.g4 dxe5 17.Nxe5 Nf6 18.Rg1 fxg4 19.h3 Qc7 20.hxg4 g6 21.Bxg6 hxg6 22.Qxg6+
Qg7 23.Qxg7+ Kxg7 24.g5 Nxe5 25.Bxe5 Kf7 26.gxf6 Rg8 27.Rxg8 Kxg8 28.Rd1 b6
29.Rd8+ Kf7 30.Ke2 a6 31.f4 b5 32.Rh8 bxc4 33.Rh7+ Kg6 34.Rg7+ Kh6 35.f7 {#r}
1-0

[Event "It"]
[Site "masterchessopen.com Majadahonda (Spain)"]
[Date "2004.07.11"]
[Round "4"]
[White "Rodriguez Cordon Luis (ESP)"]
[Black "Furio Zapata Roberto (ESP)"]
[Result "1-0"]
[WhiteElo "2280"]
[BlackElo "1826"]

1.d4 Nf6 2.c4 e6 3.Nc3 Bb4 4.a3 Bxc3+ 5.bxc3 c5 6.e3 Nc6 7.Bd3 O-O 8.Ne2 b6
9.e4 d5 10.cxd5 exd5 11.e5 Ne4 12.h4 Nxc3 13.Nxc3 Nxd4 14.Qh5 h6 15.Bg5 Qe8
16.Bxh6 gxh6 17.Nxd5 Qc6 18.Ne7+ {#r} 1-0

[Event "It (open)"]
[Site "masterchessopen.com Vlissingen (Netherlands)"]
[Date "2004.08.10"]
[Round "5"]
[White "Pedersen Nicolai Vesterbaek (DEN)"]
[Black "Peek Maurice (NED)"]
[Result "1-0"]
[WhiteElo "2466"]
[BlackElo "2343"]

1.d4 Nf6 2.c4 e6 3.Nc3 Bb4 4.e3 O-O 5.a3 Bxc3+ 6.bxc3 c5 7.Bd3 Nc6 8.Ne2 d6
9.Ng3 e5 10.d5 e4 11.Nxe4 Ne5 12.Nxf6+ Qxf6 13.O-O Nxd3 14.Qxd3 Qe5 15.f3 f5
16.Bd2 Bd7 17.Be1 Ba4 18.Bg3 Qe7 19.Rab1 b6 20.h4 Rad8 21.Qd2 h6 22.e4 Qf6
23.exf5 Qxf5 24.Rbe1 Qc2 25.Qxc2 Bxc2 26.Re6 Bd3 27.Bxd6 Bxf1 28.Kxf1 Rfe8
29.Be7 Rd7 30.d6 Kf7 31.Re5 Rb8 32.Kf2 Rdb7 33.Ke3 Ke8 34.g4 Kd7 35.f4 b5
36.Rxc5 Rc8 37.Rxc8 Kxc8 38.c5 Kd7 39.f5 a5 40.g5 hxg5 41.hxg5 b4 42.cxb4 axb4
43.axb4 {#r} 1-0

[Event "It (open) \"]
[Site "masterchessopen.com Burbank (USA)"]
[Date "2004.09.05"]
[Round "4"]
[White "Taylor Timothy (USA)"]
[Black "Bagheri Amir (FRA)"]
[Result "0-1"]
[WhiteElo "2291"]
[BlackElo "2496"]

1.d4 Nf6 2.c4 e6 3.Nc3 Bb4 4.a3 Bxc3+ 5.bxc3 c5 6.e3 Nc6 7.Bd3 O-O 8.Ne2 b6
9.O-O Ba6 10.e4 Ne8 11.Qa4 Na5 12.dxc5 Rc8 13.Be3 bxc5 14.e5 d5 15.exd6 Nxd6
16.Rfd1 Bxc4 17.Bxc4 Naxc4 18.Qxa7 Nxe3 19.fxe3 Rc6 20.Qa4 Qc7 21.Qf4 Nf5
22.Qxc7 Rxc7 23.Kf2 Ra8 24.c4 Rc6 25.Rd7 h6 26.Rad1 Rxa3 27.Rd8+ Kh7 28.R1d7
Rb6 29.Rxf7 Rb2 30.g4 Rxe3 31.gxf5 Rexe2+ 32.Kg3 Rb3+ 33.Kf4 e5+ {#R} 0-1

[Event "Ch SCG (team) (2 liga)"]
[Site "masterchessopen.com Sutomore (Yugoslavia)"]
[Date "2004.09.16"]
[Round "9"]
[White "Ilic Dragan (SRB)"]
[Black "Podlesnik Bogdan (MNE)"]
[Result "0-1"]
[WhiteElo "2346"]
[BlackElo "2363"]

1.d4 Nf6 2.c4 e6 3.Nc3 Bb4 4.e3 c5 5.a3 Bxc3+ 6.bxc3 Nc6 7.Bd3 O-O 8.Ne2 b6
9.e4 Ne8 10.Be3 d6 11.O-O Ba6 12.Nf4 Na5 13.Qe2 Rc8 14.dxc5 Nb3 15.cxd6 Nxa1
16.e5 Nb3 17.Qc2 Nc5 18.Bxh7+ Kh8 19.Rd1 Nd7 20.Be4 Bxc4 21.Bb7 Rb8 22.Bc6
Nxe5 23.Bxe8 Qxe8 24.Qe4 f6 25.d7 Rd8 {#R} 0-1

[Event "It (w)"]
[Site "masterchessopen.com Athens (Greece)"]
[Date "2004.11.19"]
[Round "4"]
[White "Foisor Mihaela-Veronica (ROM)"]
[Black "Karlovich Anastazia (UKR)"]
[Result "0-1"]
[WhiteElo "1929"]
[BlackElo "2155"]

1.d4 Nf6 2.c4 e6 3.Nc3 Bb4 4.a3 Bxc3+ 5.bxc3 c5 6.e3 O-O 7.Bd3 Nc6 8.Ne2 b6
9.O-O d6 10.e4 Ba6 11.Bg5 h6 12.Bh4 e5 13.d5 Na5 14.Qa4 Qd7 15.Qxd7 Nxd7
16.Be7 Rfe8 17.Bxd6 Rac8 18.f4 Bxc4 19.Bxc4 Nxc4 20.fxe5 Ndxe5 21.Bxe5 Rxe5
22.Ng3 Rce8 23.Ra2 Nd6 24.Raf2 f6 25.Rf4 Nxe4 26.Nxe4 Rxe4 27.Rxe4 Rxe4 28.Rd1
Kf7 29.Kf2 Ke7 30.Kf3 Ra4 31.Rd3 Kd6 32.Ke3 Rxa3 33.Ke4 g6 34.Rg3 f5+ 35.Kd3
g5 36.Rh3 Kxd5 37.Rxh6 c4+ 38.Kd2 Ra2+ 39.Kc1 Rxg2 {#R} 0-1

[Event "It (open)"]
[Site "masterchessopen.com Navalmoral (Spain)"]
[Date "2004.12.05"]
[Round "2"]
[White "Garcia Galeote Lorenzo (ESP)"]
[Black "Lopez Martinez Josep Manuel (ESP)"]
[Result "0-1"]
[WhiteElo "2124"]
[BlackElo "2481"]

1.d4 Nf6 2.c4 e6 3.Nc3 Bb4 4.a3 Bxc3+ 5.bxc3 c5 6.e3 O-O 7.Bd3 Nc6 8.Ne2 b6
9.e4 Ne8 10.O-O Ba6 11.f4 f5 12.e5 Na5 13.d5 d6 14.dxe6 Qe7 15.Ng3 g6 16.Qc2
Qxe6 17.Re1 Bxc4 18.Bb2 Bxd3 19.Qxd3 d5 20.Rad1 Nc7 21.h4 Qc6 22.h5 Rad8
23.Kf2 Ne6 24.Ne2 g5 25.g4 fxg4 26.f5 Nc4 27.Bc1 Nxe5 {#R} 0-1

[Event "Ch Sweden (team) 2004/05"]
[Site "masterchessopen.com Sweden"]
[Date "2005.02.26"]
[Round "8"]
[White "Alm Hakan (SWE)"]
[Black "Lundin Anders (SWE)"]
[Result "0-1"]
[WhiteElo "2293"]
[BlackElo "2238"]

1.d4 Nf6 2.c4 e6 3.Nc3 Bb4 4.a3 Bxc3+ 5.bxc3 c5 6.e3 O-O 7.Bd3 Nc6 8.Ne2 b6
9.e4 Ne8 10.Be3 Ba6 11.Ng3 Na5 12.Qe2 Rc8 13.d5 Qh4 14.f4 Nd6 15.O-O f5 16.Rf3
Bxc4 17.dxe6 dxe6 18.Bf2 Qh6 19.Bxc4 Ndxc4 20.Rd1 fxe4 21.Qxe4 Rcd8 22.Rfd3
Rxd3 23.Rxd3 Qg6 24.Qe2 Qe8 25.Nh5 g6 26.Bh4 gxh5 27.Rg3+ Kh8 28.f5 Rxf5
29.Qd3 Qf8 30.h3 Ne5 {#R} 0-1

[Event "Ch Denmark (KO-system)"]
[Site "masterchessopen.com Koege (Denmark)"]
[Date "2005.03.24"]
[Round "3"]
[White "Pedersen Nicolai Vesterbaek (DEN)"]
[Black "Hansen Curt (DEN)"]
[Result "0-1"]
[WhiteElo "2496"]
[BlackElo "2607"]

1.d4 Nf6 2.c4 e6 3.Nc3 Bb4 4.e3 O-O 5.a3 Bxc3+ 6.bxc3 c5 7.Bd3 Nc6 8.Ne2 b6
9.e4 Ne8 10.O-O Ba6 11.f4 f6 12.Be3 Nd6 13.dxc5 Nxc4 14.Bxc4 Bxc4 15.Rf2 Qc7
16.Ng3 Na5 17.cxb6 axb6 18.Rb1 b5 19.Rd2 d5 20.f5 Qe7 21.fxe6 dxe4 22.Rd7 Qxe6
23.Nh5 g6 24.Nf4 Qe8 25.Nd5 Bd3 26.Ne7+ Kh8 27.Qg4 Rd8 28.Ra7 Bxb1 29.Bd4 Rxd4
30.cxd4 Nc6 31.Rc7 Nxe7 {#R} 0-1

[Event "Cup Croatia (team)"]
[Site "masterchessopen.com Sibenik (Croatia)"]
[Date "2005.06.02"]
[Round "5"]
[White "Grozdanic Goran (CRO)"]
[Black "Bilobrk Franjo (CRO)"]
[Result "0-1"]
[WhiteElo "2019"]
[BlackElo "2395"]

1.d4 Nf6 2.c4 e6 3.Nc3 Bb4 4.e3 O-O 5.a3 Bxc3+ 6.bxc3 c5 7.Bd3 Nc6 8.Nf3 d6
9.Qc2 h6 10.O-O b6 11.h3 Ba6 12.Nd2 Rc8 13.f4 cxd4 14.cxd4 Na5 15.Bb2 Bxc4
16.Nxc4 d5 17.Qa4 dxc4 18.Bc2 Nd5 19.Rae1 b5 {#R} 0-1

[Event "It \"]
[Site "masterchessopen.com Las Vegas (USA)"]
[Date "2005.06.12"]
[Round "6"]
[White "Sharavdorj Dashzegve (MGL)"]
[Black "Rensch Daniel (USA)"]
[Result "1-0"]
[WhiteElo "2453"]
[BlackElo "2361"]

1.d4 Nf6 2.c4 e6 3.Nc3 Bb4 4.e3 c5 5.Bd3 O-O 6.a3 Bxc3+ 7.bxc3 Nc6 8.Ne2 b6
9.O-O Ba6 10.e4 Ne8 11.f4 f5 12.e5 Na5 13.d5 d6 14.Ng3 g6 15.Qe2 Qe7 16.Bd2
Rd8 17.Rae1 Nc7 18.Bc1 Qf7 19.Rf3 Bb7 20.Nh5 Qe7 21.Nf6+ Kg7 22.Rh3 h6 23.g4
Rxf6 24.exf6+ Qxf6 25.Rxh6 Re8 26.Qf2 exd5 27.Bxf5 {#r} 1-0

[Event "Ch Europe"]
[Site "masterchessopen.com Warsaw (Poland)"]
[Date "2005.07.01"]
[Round "13"]
[White "Beliavsky Alexander G (SLO)"]
[Black "Nisipeanu Liviu-Dieter (ROM)"]
[Result "0-1"]
[WhiteElo "2631"]
[BlackElo "2707"]

{ } 1.d4 Nf6 2.c4 e6 3.Nc3 Bb4 4.e3 O-O 5.a3 Bxc3+ 6.bxc3 c5 7.Bd3 Nc6 8.Ne2
d6 9.e4 ( 9.O-O e5 10.d5 Ne7 11.Ng3 Re8 12.Qc2 Kh8 13.f4 exf4 14.exf4 Ng6
15.f5 Ne5 16.Bg5 Qc7 17.a4 b6 18.Rf4 Ba6 19.Be2 Ned7 20.Rh4 Re5 21.Bd3 Rae8
22.Qd2 Qb8 23.Rf1 Rg8 24.Rf3 Rge8 25.Qf4 Re1+ 26.Nf1 Qd8 27.Rfh3 Nf8 28.Rg3
N8d7 { ...1-0, Jussupow Artur 2640 - Larsen Bent 2495 , Bad Homburg 1998 It
(cat.14) } ) 9...e5 { = } ( 9...b6 10.Bg5 h6 11.Bh4 e5 12.O-O g5 13.Bg3 Kg7
14.f3 Qe8 15.Bf2 Nh5 16.g3 Na5 17.f4 Bg4 18.fxg5 hxg5 19.Be3 f6 20.d5 Rh8
21.Qe1 Qg6 22.Bc1 Bh3 23.Rf2 Nxc4 24.Bxc4 Qxe4 25.Ba2 Nxg3 26.hxg3 Bf1 27.Kxf1
Rh1+ 28.Ng1 Rxg1+ 29.Kxg1 { ...0-1, Cherepkov Alexander V 2395 - Korchnoi
Viktor 2601 , Leningrad 1959 Ch URS } ) 10.O-O h6 11.d5 Ne7 12.f3 Ng6 13.Be3 (
13.g3 Nh7 14.g4 Ng5 15.Be3 Qf6 16.Ng3 Nf4 17.Kh1 Ngh3 18.Ra2 b6 19.Nf5 Kh7
20.Bxf4 Nxf4 21.Ng3 g6 22.Ne2 Nxd3 23.Qxd3 Bxg4 24.Ng3 Bh3 25.Rff2 Qg5 26.Ra1
f5 27.Rg1 f4 28.Nf1 Qe7 29.Rb2 Rab8 30.Nd2 Bd7 31.Qe2 Rg8 32.Qf2 Rg7 { ...0-1,
Birens Eric-Andre 2120 - Sonntag Hans-Hubert 2389 , Toulouse 1990 It (open) }
) 13...Nh7 ( 13...Bd7 14.Qd2 Rb8 15.a4 b6 16.Ng3 Re8 17.Bc2 Rb7 18.Rae1 Nh7
19.Nf5 Qf6 20.g3 a5 21.Kg2 Ne7 22.Nxe7+ Qxe7 23.h4 Rf8 24.f4 f6 25.f5 Kf7
26.Bd1 Ke8 27.Bh5+ Kd8 28.Qd1 Rh8 29.Rf2 Be8 30.Rh1 Bxh5 31.Qxh5 Nf8 32.Qf3
Qe8 33.Ra1 { ...1/2-1/2, Balashov Yuri S 2510 - Lerner Konstantin Z 2510 ,
Riga 1985 Ch URS } ) ( 13...Qa5 14.a4 Bd7 15.Qd2 Ne8 16.g4 Rb8 17.Ng3 Nf4
18.Bxf4 exf4 19.Nh5 g5 20.Bc2 Qd8 21.Qd3 f5 22.exf5 Nf6 23.Rae1 Re8 24.Re6
Bxe6 25.fxe6 { 1-0, Karsa Laszlo 2383 - Rajna George 2390 , Kecskemet 1985 It
(open) } ) 14.Qc2 { +0.07 CAP } 14...b6 { N } ( 14...Bd7 15.g3 ( 15.a4 a5
16.Ng3 b6 17.Qd2 Qf6 18.Bc2 Rfe8 19.Rab1 Rab8 20.Rb2 Rb7 21.Rfb1 Reb8 22.Rf1
Re8 23.Rfb1 Reb8 24.Nf5 Nh4 25.Nxh4 Qxh4 26.Qf2 Qh5 27.Qg3 { 1/2-1/2, Balashov
Yuri S 2510 - Gurevich Mikhail 2500 , Riga 1985 Ch URS } ) 15...Qc8 16.g4 h5
17.gxh5 Nh4 18.Ng3 Qd8 19.Nf5 Ng5 20.Kh1 Nhxf3 21.Qg2 Bxf5 22.exf5 e4 23.Bxe4
Nxe4 24.Rxf3 Kh7 25.f6 Nxf6 26.h6 gxh6 27.Raf1 { 1-0, Agrest Evgenij 2604 -
Lugovoi Aleksei 2315 , St. Petersburg 1992 It (open) } ) 15.Kh1 Bd7 16.g3 Qc7
17.f4 exf4 18.gxf4 f5 { ? } ( 18...Nf6 19.Rae1 Rae8 20.Ng1 a6 { } ) 19.Rg1 Nh4
20.e5 dxe5 21.fxe5 Ng5 22.Bxg5 hxg5 23.Rxg5 Nf3 24.Rg3 Nxe5 25.Rag1 Rf7 26.Nf4
Nxd3 27.Nh5 Ne5 28.Rxg7+ Rxg7 29.Rxg7+ Kf8 30.Qg2 { ?! } ( 30.Qd2 { !? } )
30...Ng4 31.Rxg4 fxg4 32.Qf2+ Kg8 33.Qf6 Be8 34.Qg5+ Kf8 35.Nf4 { ?! } (
35.Qh6+ { !? } 35...Ke7 36.Qg5+ Kd6 37.Qh6+ { } ) 35...Bf7 36.Qf6 Ke8 37.d6
Qb7+ 38.Kg1 Qe4 { ?! } ( 38...Rd8 { !? } 39.Qe5+ Kd7 40.Qf5+ Kxd6 { } ) 39.d7+
Kxd7 40.Qxf7+ Kc6 41.Qf6+ { ?! } ( 41.Nd5 { !? } 41...Qe1+ 42.Kg2 Qe2+ 43.Kg1
{ } ) 41...Kb7 42.Nd5 Qe1+ 43.Kg2 Qe2+ 44.Kg1 Qd1+ 45.Kg2 Qf3+ 46.Qxf3 gxf3+
47.Kxf3 Rh8 48.Kg3 Ka6 49.Ne7 Re8 { } {#R} 0-1

[Event "It (cat.3)"]
[Site "masterchessopen.com San Bernardo (Argentina)"]
[Date "2005.07.09"]
[Round "6"]
[White "Santos Marcus Vinicius Moreira (BRA)"]
[Black "Lopez Gonzalez Daniel (ESP)"]
[Result "1-0"]
[WhiteElo "2353"]
[BlackElo "2245"]

1.d4 Nf6 2.c4 e6 3.Nc3 Bb4 4.e3 c5 5.a3 Bxc3+ 6.bxc3 O-O 7.Bd3 Nc6 8.Ne2 b6
9.O-O Ba6 10.e4 Ne8 11.f4 f5 12.e5 Na5 13.d5 d6 14.dxe6 Qe7 15.g4 fxg4 16.Ng3
dxe5 17.Qxg4 Bxc4 18.Bxc4 Nxc4 19.f5 Ncd6 20.Ra2 Nf6 21.Qh4 Qb7 22.Rg2 Kh8
23.Bg5 Nde4 24.Nxe4 Qxe4 25.Bxf6 Qe3+ 26.Kh1 Rxf6 27.Qg4 Qh6 28.Qe4 Re8
29.Qxe5 Qh5 30.Rxg7 Rexe6 31.Qg3 Re8 32.Rg1 Rg6 33.Rxh7+ Qxh7 34.fxg6 Qb7+
35.Rg2 Kg7 36.Qh4 Rh8 37.Qf4 Rf8 38.Qe5+ Kg8 39.h4 Qf3 40.Qe6+ Kg7 41.Qe7+ Kg8
{#r} 1-0

[Event "Ch Great Britain"]
[Site "masterchessopen.com Douglas (England)"]
[Date "2005.08.01"]
[Round "1"]
[White "Littlewood Paul E (ENG)"]
[Black "Bonafont Philip (ENG)"]
[Result "1-0"]
[WhiteElo "2366"]
[BlackElo "2101"]

1.d4 Nf6 2.c4 e6 3.Nc3 Bb4 4.e3 c5 5.a3 Bxc3+ 6.bxc3 O-O 7.Bd3 Nc6 8.Ne2 b6
9.O-O Ba6 10.e4 Ne8 11.f4 f5 12.d5 Na5 13.e5 Qe7 14.d6 Qf7 15.a4 Bxc4 16.Bxc4
Nxc4 17.Qd3 Na5 18.c4 g6 19.Bd2 Nc6 20.a5 Ng7 21.Rfb1 Rab8 22.axb6 Rxb6 23.Rb5
Rfb8 24.Rxc5 Rb3 25.Nc3 Qe8 26.Rb5 a6 27.Rxb3 Rxb3 28.Qc2 Nd4 29.Qa2 Qc8
30.Qxa6 Qc5 31.Kh1 h6 32.Qa4 Rb4 33.Qxd7 Qxc4 34.Qc7 Qd3 35.d7 Nc6 36.Qxc6
Qxd2 37.Qc8+ Kh7 38.d8=Q {#r} 1-0

[Event "It (open) \"]
[Site "masterchessopen.com Belgrade (Yugoslavia)"]
[Date "2005.08.19"]
[Round "5"]
[White "Brujic Bozidar (SRB)"]
[Black "Jovanovic Zivojin (SRB)"]
[Result "0-1"]
[WhiteElo "2256"]
[BlackElo "2350"]

1.d4 Nf6 2.c4 e6 3.Nc3 Bb4 4.e3 O-O 5.a3 Bxc3+ 6.bxc3 c5 7.Bd3 Nc6 8.Ne2 d6
9.O-O e5 10.f3 b6 11.Bd2 Ba6 12.Qc2 Na5 13.Qa2 Qe8 14.a4 d5 15.e4 dxc4 16.Bc2
Nb3 17.Rad1 cxd4 18.cxd4 exd4 19.Bg5 d3 20.Bxd3 cxd3 21.Nf4 Qe5 22.h4 Nc5
23.g3 h6 24.Bxf6 Qxf6 25.a5 Qd4+ {#R} 0-1

[Event "Czech League 2005/06 (2nd) (c)"]
[Site "masterchessopen.com Czech Republic"]
[Date "2005.10.16"]
[Round "1"]
[White "Velecky Viktor (CZE)"]
[Black "Bernard Borek (CZE)"]
[Result "0-1"]
[WhiteElo "2146"]
[BlackElo "2272"]

1.c4 Nf6 2.Nc3 e6 3.d4 Bb4 4.a3 Bxc3+ 5.bxc3 c5 6.e3 O-O 7.Bd3 Nc6 8.f4 d6
9.g4 e5 10.g5 Nd7 11.Ne2 f5 12.gxf6 Nxf6 13.O-O e4 14.Bc2 Bh3 15.Rf2 Ng4
16.Bxe4 Nxf2 17.Kxf2 Qh4+ 18.Kg1 Qg4+ 19.Kf2 Qh4+ 20.Kg1 Rae8 21.Bd5+ Kh8
22.Bd2 Ne7 23.Bf3 Be6 24.d5 Bg4 25.Ng3 Bxf3 26.Qxf3 Ng6 27.Rb1 Rf7 28.Ne4 Qe7
29.Ng5 Qxg5+ {#R} 0-1